00384nam a2200145Ia 4500020001800000082001300018245003800031260002800069300001200097504003600109650003900145650001900184650001700203700001800220 a0-415-35521-4 a323 RIG- 0aRights: sociological perspectives aLondonbRoutledgec2006 axi, 288 aincludes bibliography and index aHuman rightsvSociological aspects aWomen's rights aCivil rights aMorris, Lydia